Comparative chromosome examination of AKR mouse lymphoma after its i.p. transplantation with thymus-or spleen-derived lymphoma cell into hybrid mice

Bibliographic Details
Main Authors: Selypes, A. (Author), Lorencz, R. (Author), Berencsi, G. (Author)
Format: Article
Language:Slovak
English
PhysicalDescription:Tb. 2. Obr. 3., lit. 21 zázn. v angl.
Subjects:

MARC

LEADER 00000nab a2200000 a 4500
001 vtls000278017
003 SK-MaSNL
005 20260304235407.0
008 250422c1986 xo 0 slo
015 |a SNBRB19rr/mm-uuuuu 
035 |a CL0288135 
035 |a urn:nbn:sk:snk-ab6ysd 
035 |a (uuid)4ca14f2d-3ff1-4c82-bd81-7902b03d39aa 
035 |a (urnnbn)urn:nbn:sk:snk:ar-a06bfx 
035 |a (sysno)vtls000278017 
040 |a SNKBUCL  |b slo  |c SNKBUCL  |e AACR2 
041 0 |a eng 
044 |a xo  |c SK 
080 |a 616.428-006  |2 1981 
100 1 |a Selypes, A.  |4 aut  |9 1359135 
245 1 0 |a Comparative chromosome examination of AKR mouse lymphoma after its i.p. transplantation with thymus-or spleen-derived lymphoma cell into hybrid mice  |c A. Selypes, R. Lorencz, G. Berencsi 
300 |b Tb. 2. Obr. 3., lit. 21 zázn. v angl. 
650 0 7 |a lymfómy  |2 snkbucl  |9 74658 
650 0 7 |a chromozómy  |2 snkbucl  |9 16309 
655 7 |a články z novín a časopisov  |2 snkbucl  |9 267496 
700 1 |a Lorencz, R.  |4 aut  |9 803964 
700 1 |a Berencsi, G.  |4 aut  |9 1359137 
773 0 |t Neoplasma  |g Roč. 33, č. 6 (1986), s. 707-711 
850 |a Slovenská národná knižnica 
852 |a Slovenská národná knižnica 
958 |a article27 
958 |a RK 
958 |a MI 
958 |a HU 
958 |a NB 
958 |a OND 
958 |a EUIPO 
992 |a RBX 
999 |c 3208749  |d 3210679